000 nam a22 a 4500
999 _c394
_d394
003 AKMAL
005 20170503154504.0
008 170503s2004 my a g b 000 0 may d
020 _a9832679435 (kkt.) :
_cRM38.90
040 _aAKMAL
082 0 4 _a150 ASM
_222
090 0 0 _a150
_bASM
100 0 _aAsmawati Desa
_9896
245 1 0 _aPsikologi untuk golongan profesional /
_cAsmawati Desa
250 _aEd. ke-2
260 _aShah Alam :
_bMcGraw-Hill (Malaysia),
_c2004
300 _a223ms. :
_bil. ;
_c26cm.
504 _aBibliografi: ms. 217-223
650 1 0 _aDevelopmental psychology
_9897
650 2 0 _aMotivation (Psychology)
_9559
650 2 0 _aPsychology
_9859
942 _2ddc
_cBOOK